| 000 | 00729nam a22001937a 4500 | ||
|---|---|---|---|
| 999 |
_c4931 _d4931 |
||
| 003 | AR-CdUCM | ||
| 008 | 190311b ||||| |||| 00| 0 spa d | ||
| 040 |
_aMUNICIPALIDAD PROVINCIAL DEL CUSCO _cBIBLIOTECA MUNICIPAL DEL CUSCO |
||
| 082 |
_a338 / _bK15 |
||
| 100 |
_aKafka Kiener, Folke _915125 |
||
| 245 | _aEvaluación estratégica de proyectos de inversión / | ||
| 260 |
_aLima : _bUniversidad Pacifico, _c1996. |
||
| 300 |
_a444 páginas ; _c20 cm. |
||
| 505 | _aEvaluación de proyectos -- Tipos de Evaluación -- Etapas de evaluación -- Contenido típico de un informe de inversión... | ||
| 650 |
_aEvaluación de proyectos. _915126 |
||
| 650 |
_aProyectos de inversión. _915127 |
||
| 942 |
_2ddc _cLIBROS |
||
| 945 | _awfj | ||